| 000 | 00000nam 2200000zi 4500 |
| 001 | 9.879199 |
| 003 | CaOODSP |
| 005 | 20241203113652 |
| 006 | m o d f |
| 007 | cr ||||||||||| |
| 008 | 190912s2008 onca ob f10| 0 eng d |
| 020 | |a9780662459965 |
| 040 | |aCaOODSP|beng|erda|cCaOODSP |
| 043 | |an-cn-bc|an------|an-cn--- |
| 086 | 1 |aCW69-20/1-2007E-PDF |
| 245 | 00|aLessons from the islands : |bintroduced species and what they tell us about how ecosystems work / |cAnthony J. Gaston, Todd E. Golumbia, Jean-Louis Martin, Sean T. Sharpe (editors). |
| 264 | 1|aOttawa : |bCanadian Wildlife Service, Environment Canada, |c[2008] |
| 264 | 4|c©2008 |
| 300 | |a1 online resource (ix, 192 pages) : |billustrations (some colour). |
| 336 | |atext|btxt|2rdacontent |
| 337 | |acomputer|bc|2rdamedia |
| 338 | |aonline resource|bcr|2rdacarrier |
| 490 | 1 |aSpecial publication / Canadian Wildlife Service |
| 500 | |aDigitized edition from print [produced by Environment and Climate Change Canada]. |
| 500 | |aIssued also in French under title: Leçons des îles, les espèces introduites et ce qu'elles nous apprennent sur le fonctionnement des écosystèmes. |
| 500 | |a"Proceedings from the Research Group on Introduced Species 2002 Symposium held in Queen Charlotte City, British Columbia, on 1-5 October 2002". |
| 504 | |aIncludes bibliographical references. |
| 530 | |aIssued also in print format. |
| 692 | 07|2gccst|aWildlife management |
| 692 | 07|2gccst|aEcology |
| 692 | 07|2gccst|aEcosystems |
| 692 | 07|2gccst|aConferences |
| 700 | 1 |aGaston, A. J., |eeditor. |
| 700 | 1 |aGolumbia, T. E. |q(Todd E.), |d1960- |eeditor. |
| 700 | 1 |aMartin, Jean-Louis, |eeditor. |
| 700 | 1 |aSharpe, Sean T., |eeditor. |
| 710 | 1 |aCanada. |bEnvironment Canada. |
| 710 | 2 |aResearch Group on Introduced Species. |
| 710 | 2 |aCanadian Wildlife Service. |
| 775 | 08|tLeçons des îles : |w(CaOODSP)9.879211 |
| 776 | 0#|tLessons from the Islands : |w(CaOODSP)9.618286 |
| 830 | #0|aSpecial publication (Canadian Wildlife Service)|w(CaOODSP)9.505181 |
| 856 | 40|qPDF|s39.48 MB|uhttps://publications.gc.ca/collections/collection_2019/eccc/CW69-20-1-2007-eng.pdf |